Click the States of Australia on a Map - Statistics

General Stats
  • This quiz has been taken 73 times
  • The average score is 7 of 8
Answers on the Map
Answers color-coded by a green-red scale on the quiz's map according to % correct below.
 
Answer Stats
Answer % Correct
Western Australia
98%
Tasmania
95%
Northern Territory
90%
Australian Capital Territory
88%
Victoria
85%
Queensland
78%
South Australia
78%
New South Wales
71%
No matching quizzes found
Score Distribution
Percent of People with Each Score
Percentile by Number Answered
Your Score History
You have not taken this quiz